Sabrina Carpenter - Paroles Sharpest Tool - Statistiques

Statistiques générales
  • Ce quiz a été pris 43 fois
    39 depuis la dernière actualisation
  • Le résultat moyen est 379 sur 437
Statistiques - réponses
Hint Réponse % Correct
a
100%
had
100%
Couplet I
100%
in
100%
not
100%
oh
100%
sex,
100%
sharpest
100%
The
100%
the
100%
to
100%
tool
100%
We
100%
(We
100%
we
100%
you
100%
your
100%
you're
100%
You're
100%
an
96%
and
96%
best
96%
friends
96%
know
96%
me
96%
Then
96%
then
96%
about
92%
if
92%
If
92%
I'm
92%
it
92%
it,
92%
it)
92%
left
92%
Left
92%
met
92%
never
92%
talk
92%
but
88%
don't
88%
for
88%
guess
88%
Guess
88%
just
88%
right,
88%
second
88%
shed
88%
that
88%
took
88%
up
88%
was
88%
were
88%
we're
88%
with
88%
bitch
83%
confused
83%
down
83%
face
83%
fine
83%
goin'
83%
hate
83%
house,
83%
how
83%
How
83%
now
83%
of
83%
phone
83%
so
83%
sure
83%
think
83%
upset,
83%
yourself
83%
casual,
79%
idiot
79%
lookin'
79%
really
79%
send
79%
shit
79%
wonderin'
79%
answer
75%
ex's
75%
forget
75%
Found
75%
guilt
75%
hear
75%
lines
75%
lot
75%
Lyin'
75%
Made
75%
On
75%
on
75%
soft
75%
'Til
75%
Tuesday,
75%
word
75%
always
71%
another
71%
As
71%
at
71%
between
71%
bird
71%
by
71%
God
71%
"hey"
71%
through
71%
makes
67%
time
67%
top
67%
year
67%
'Cause
63%
I'll
63%
like
63%
mind
63%
silence
63%
Bridge All
58%
creeps
58%
flies
58%
open
58%
Seems
58%
strategy
58%
worse,
58%
is
54%
leaves
54%
overnight,
54%
recall
54%
waste
54%
out,
50%
tripped
46%
dumbfounded,
42%
leavin'
33%
logged
25%
Aucun quiz correspondant
Distribution des résultats
% des personnes avec chaque résultat
Percentile par nombre de réponses
Votre historique - résultats
Vous n’avez pas pris ce quiz depuis la dernière actualisation